La vida en un pueblo medieval
Spremljeno u:
| Glavni autor: | |
|---|---|
| Format: | Knjiga |
| Jezik: | španjolski |
| Izdano: |
Madrid, España
Akal
1990
|
| Serija: | Colección Historia del Mundo para Jóvenes, 21
|
| Teme: | |
| Oznake: |
Dodaj oznaku
Bez oznaka, Budi prvi tko označuje ovaj zapis!
|
MARC
| LEADER | 00000nam a2200000 a 4500 | ||
|---|---|---|---|
| 001 | UCO1407 | ||
| 003 | CL-VaPUC | ||
| 005 | 20220418172709.0 | ||
| 008 | 000512e19900000SP |||||||||||||||||spa|d | ||
| 999 | |c 288030 |d 288028 | ||
| 040 | |c Pontificia Universidad Católica de Valparaíso | ||
| 082 | 0 | 4 | |a 940.1 MOR 1990 |2 21 |
| 100 | |a Morgan, Gwyneth |e autora |9 443487 | ||
| 245 | 1 | 3 | |a La vida en un pueblo medieval |
| 260 | |a Madrid, España |b Akal |c 1990 | ||
| 300 | |a 47 páginas | ||
| 490 | 0 | |a Colección Historia del Mundo para Jóvenes, 21 | |
| 583 | |a last modification |c 20000512 00:00:00 |k Rodrigo Vera | ||
| 650 | 0 | |a Edad media |9 258041 |x Historia de Europa | |
| 942 | |c BK |2 ddc | ||
| 945 | |d 20000512 00:00:00 |a rbrito | ||
| 952 | |0 0 |1 0 |2 ddc |4 0 |6 940_100000000000000_MOR_1990 |7 0 |8 A |9 335200 |a BIBHIS |b BIBHIS |d 2019-11-20 |i 3622061 |o 940.1 MOR 1990 |p 3622061 |r 2025-01-20 |t 1 |w 2019-11-20 |y BK |k HIS | ||